Essentials of business ethics (Record no. 176844)

MARC details
000 -LEADER
fixed length control field 00653nam a2200217Ia 4500
008 - FIXED-LENGTH DATA ELEMENTS--GENERAL INFORMATION
fixed length control field 191130s1996##################000#0#eng##
020 ## - INTERNATIONAL STANDARD BOOK NUMBER
ISBN 9780077078560
082 ## - DEWEY DECIMAL CLASSIFICATION NUMBER
Classification number 174.4 CHR
100 ## - MAIN ENTRY--AUTHOR NAME
Personal name Chryssides, George D
245 ## - TITLE STATEMENT
Title Essentials of business ethics
Statement of responsibility, etc George Chryssides and John Kaler
260 ## - PUBLICATION, DISTRIBUTION, ETC. (IMPRINT)
Place of publication New York
Name of publisher McGraw-Hill Book Co
Year of publication c1996
300 ## - PHYSICAL DESCRIPTION
Number of Pages xi, 201 p. ; 25 cm
500 ## - GENERAL NOTE
General note Includes bibliographical references (p. 194-195) and index
650 ## - SUBJECT ADDED ENTRY--TOPICAL TERM
Topical Term Business ethics
700 ## - ADDED ENTRY--PERSONAL NAME
Personal name Kaler, John H
991 ## -
-- 278909
Holdings
Withdrawn status Lost status Damaged status Not for loan Home library Current library Shelving location Date acquired Full call number Accession Number Price effective from Koha item type
        Anna Centenary Library Anna Centenary Library 3RD FLOOR, A WING 13.10.2020 174.4 CHR 490120 13.10.2020 English Books

Find us on the map